[Event "4NCL Division 1a"]
[Site "Birmingham, ENG ENG"]
[Date "2015.11.15"]
[Round "2.141"]
[White "Greet, Andrew N"]
[Black "Weaving, Richard"]
[Result "1-0"]
[WhiteElo "2443"]
[BlackElo "2242"]
[PlyCount "153"]
[EventDate "2015.11.15"]
[WhiteTeam "Wood Green HK"]
[BlackTeam "White Rose 2"]

1. d4 Nf6 2. c4 e6 3. g3 d5 4. Nf3 Be7 5. Bg2 O-O 6. O-O dxc4 7. Qc2 a6 8. a4
Bd7 9. Qxc4 Bc6 10. Bf4 a5 11. Nc3 Na6 12. Rac1 Nb4 13. Ne5 Bxg2 14. Kxg2 Nfd5
15. Nxd5 Qxd5+ 16. Qxd5 Nxd5 17. Bd2 c6 18. e4 Nb4 19. Be3 Rfd8 20. Rfd1 Bd6
21. Nc4 Bc7 22. Nd2 Bb6 23. Nb3 Rd7 24. Kf3 f5 25. e5 Rd5 26. Nc5 Bxc5 27. Rxc5
Rad8 28. Rxd5 Rxd5 29. Ke2 Kf7 30. Rc1 Ke8 31. h4 Rd8 32. b3 Rd5 33. h5 Rd8 34.
Rc4 Rd5 35. Bd2 Na6 36. Ke3 Kd7 37. Rc1 Ke7 38. Bc3 Kd7 39. g4 fxg4 40. Rg1 Ke8
41. Rxg4 Kf7 42. Rg1 c5 43. Ke4 cxd4 44. Bxd4 Nb4 45. f4 Nc6 46. Be3 Ne7 47.
Rc1 Nc6 48. Bb6 Ke8 49. Rc3 Kf7 50. Ke3 Ke8 51. Kf3 Kf7 52. Kg3 Ke8 53. Kg4 Kf7
54. Kg5 Ke7 55. h6 Kf7 56. hxg7 Kxg7 57. Bf2 Rd2 58. Bh4 Kf7 59. Rc5 Rd3 60.
Rb5 Rd7 61. Kh5 Nd4 62. Rxa5 Nxb3 63. Ra8 Nd4 64. Rh8 Nf5 65. Bf6 Rd3 66. Rxh7+
Kg8 67. Rxb7 Rh3+ 68. Kg6 Rh6+ 69. Kg5 Rh3 70. a5 Rg3+ 71. Kh5 Rh3+ 72. Kg6
Rh6+ 73. Kg5 Rh3 74. a6 Ra3 75. a7 Nd4 76. Kg6 Nc6 77. Rb8+ 1-0

[Event "4NCL Division 1a"]
[Site "Birmingham, ENG ENG"]
[Date "2015.11.15"]
[Round "2.142"]
[White "Shaw, Peter"]
[Black "Fitzsimons, David"]
[Result "0-1"]
[WhiteElo "2113"]
[BlackElo "2402"]
[PlyCount "102"]
[EventDate "2015.11.15"]
[WhiteTeam "White Rose 2"]
[BlackTeam "Wood Green HK"]

1. d4 Nf6 2. c4 e6 3. Nc3 Bb4 4. Qc2 b6 5. a3 Bxc3+ 6. Qxc3 Bb7 7. f3 c5 8.
dxc5 bxc5 9. Bg5 Nc6 10. e3 Rb8 11. Bd3 Ne4 12. Bxd8 Nxc3 13. Bc7 Rc8 14. Bd6
Na4 15. b3 Nb6 16. b4 Na4 17. Bc2 Nb2 18. Bb3 cxb4 19. axb4 Nd3+ 20. Ke2 Ndxb4
21. Bxb4 Nxb4 22. Rxa7 Rc7 23. Kd2 Ke7 24. Ne2 Nc6 25. Ra2 Rb8 26. Rc1 Ba6 27.
Rxa6 Rxb3 28. Ra2 Nb4 29. Ra4 Nd3 30. Rc3 Rxc3 31. Kxc3 Ne1 32. Nf4 g5 33. Nh3
Nxg2 34. Nxg5 h6 35. Ne4 Nxe3 36. Kd3 Nxc4 37. Rxc4 Rxc4 38. Kxc4 d5+ 39. Kd4
dxe4 40. Kxe4 Kd6 41. Kd4 e5+ 42. Ke4 Ke6 43. Kd3 Kd5 44. Ke3 f5 45. Kd3 f4 46.
h3 h5 47. h4 e4+ 48. fxe4+ Ke5 49. Kd2 Kxe4 50. Ke2 f3+ 51. Kf1 Kf4 0-1

[Event "4NCL Division 1a"]
[Site "Birmingham, ENG ENG"]
[Date "2015.11.15"]
[Round "2.143"]
[White "McDonald, Neil"]
[Black "Burnett, Jim"]
[Result "1-0"]
[WhiteElo "2415"]
[BlackElo "2170"]
[PlyCount "65"]
[EventDate "2015.11.15"]
[WhiteTeam "Wood Green HK"]
[BlackTeam "White Rose 2"]

1. e4 e6 2. d4 d5 3. Nd2 Nf6 4. e5 Nfd7 5. Ngf3 c5 6. c3 Nc6 7. Bd3 Qb6 8. O-O
cxd4 9. cxd4 Nxd4 10. Nxd4 Qxd4 11. Nf3 Qb6 12. Qa4 Qb4 13. Qc2 Qc5 14. Qe2 Be7
15. a3 O-O 16. Be3 Qa5 17. Rac1 Re8 18. Rc3 Nf8 19. Rfc1 Bd7 20. b4 Qd8 21. Bd4
f5 22. exf6 gxf6 23. Ne5 fxe5 24. Qxe5 Bf6 25. Qxf6 Qxf6 26. Bxf6 Rac8 27. f4
Rxc3 28. Rxc3 Rc8 29. Kf2 Kf7 30. Rxc8 Bxc8 31. Be5 Ke7 32. Ke3 a6 33. Kd4 1-0

[Event "4NCL Division 1a"]
[Site "Birmingham, ENG ENG"]
[Date "2015.11.15"]
[Round "2.144"]
[White "Mangwengwende, John"]
[Black "Shaw, John"]
[Result "0-1"]
[WhiteElo "2108"]
[BlackElo "2439"]
[PlyCount "54"]
[EventDate "2015.11.15"]
[WhiteTeam "White Rose 2"]
[BlackTeam "Wood Green HK"]

1. e4 c5 2. Nf3 e6 3. d4 cxd4 4. Nxd4 Nf6 5. Bd3 Nc6 6. Nxc6 dxc6 7. O-O e5 8.
Qf3 Qc7 9. h3 Be7 10. Nc3 Be6 11. a4 a5 12. Be3 O-O 13. g4 Nd7 14. Ne2 Nc5 15.
Ng3 Nxd3 16. cxd3 Rfd8 17. Rfd1 Bb3 18. Rd2 Bb4 19. Re2 Rxd3 20. Nh5 f6 21. g5
Rd1+ 22. Rxd1 Bxd1 23. gxf6 Rf8 24. Qg4 g6 25. Ng7 Qf7 26. Bg5 h5 27. Qf3 Qxg7
0-1

[Event "4NCL Division 1a"]
[Site "Birmingham, ENG ENG"]
[Date "2015.11.15"]
[Round "2.145"]
[White "Bednar, Marcel"]
[Black "Arnott, Jonathan W"]
[Result "1-0"]
[WhiteElo "2286"]
[BlackElo "2173"]
[PlyCount "115"]
[EventDate "2015.11.15"]
[WhiteTeam "Wood Green HK"]
[BlackTeam "White Rose 2"]

1. d4 d5 2. c4 c6 3. Nf3 Nf6 4. Nc3 a6 5. c5 Nbd7 6. Bf4 Nh5 7. Bg5 h6 8. Bd2
Nhf6 9. Qc2 e5 10. dxe5 Ng4 11. e6 Nxc5 12. exf7+ Kxf7 13. h3 Nf6 14. Ne5+ Kg8
15. Ng6 Rh7 16. Nxf8 Qxf8 17. f3 Nh5 18. Qg6 Qf7 19. Qxf7+ Kxf7 20. Kf2 Nf6 21.
b4 Ne6 22. Na4 b5 23. Nb6 Rb8 24. Nxc8 Rxc8 25. a4 Rhh8 26. e3 Rhd8 27. axb5
axb5 28. Bd3 Rc7 29. Rhc1 Nd7 30. Bc3 Rb7 31. Ra6 Rc8 32. Bf5 g6 33. Bd3 Ndc5
34. bxc5 Nxc5 35. Bxb5 Rxb5 36. Ra7+ Rb7 37. Rxb7+ Nxb7 38. e4 Nc5 39. Ke3 dxe4
40. fxe4 Re8 41. Rf1+ Kg8 42. e5 Re6 43. Bd4 Nd7 44. Ke4 Kg7 45. g4 Kg8 46. h4
Re7 47. h5 gxh5 48. gxh5 Kh7 49. Rf3 Kg8 50. Rg3+ Kf7 51. Rg6 Re6 52. Kf5 Nf8
53. Rg1 Re8 54. Be3 Re6 55. Rd1 Kg8 56. Rd8 Re7 57. Bxh6 Rf7+ 58. Ke4 1-0

[Event "4NCL Division 1a"]
[Site "Birmingham, ENG ENG"]
[Date "2015.11.15"]
[Round "2.146"]
[White "O'driscoll, Kieran"]
[Black "Sadilek, Peter"]
[Result "0-1"]
[WhiteElo "2078"]
[BlackElo "2280"]
[PlyCount "74"]
[EventDate "2015.11.15"]
[WhiteTeam "White Rose 2"]
[BlackTeam "Wood Green HK"]

1. d4 Nf6 2. c4 e6 3. Nf3 d5 4. Nc3 c6 5. e3 a6 6. Qc2 c5 7. a3 dxc4 8. Bxc4 b5
9. Be2 Nbd7 10. O-O Bb7 11. dxc5 Bxc5 12. b4 Be7 13. Bb2 O-O 14. Rfd1 Rc8 15.
Rac1 Qb6 16. Qb1 h6 17. Rd2 Qa7 18. Nd1 Qa8 19. Bd4 Ne4 20. Rdc2 Rxc2 21. Qxc2
Rc8 22. Qb2 f6 23. Rxc8+ Qxc8 24. Bd3 Nd6 25. Nd2 e5 26. Qb3+ Kf8 27. Bb2 Qc6
28. f3 Nb6 29. Qc3 Nbc4 30. Nxc4 bxc4 31. Bb1 Bd8 32. Qc2 e4 33. fxe4 Bb6 34.
e5 Nf5 35. exf6 gxf6 36. Qf2 Nxe3 37. Nxe3 Bxe3 0-1

[Event "4NCL Division 1a"]
[Site "Birmingham, ENG ENG"]
[Date "2015.11.15"]
[Round "2.147"]
[White "Grant, Jonathan I M"]
[Black "Lewyk, Ihor"]
[Result "1/2-1/2"]
[WhiteElo "2217"]
[BlackElo "2047"]
[PlyCount "102"]
[EventDate "2015.11.15"]
[WhiteTeam "Wood Green HK"]
[BlackTeam "White Rose 2"]

1. c4 c5 2. g3 Nc6 3. Bg2 g6 4. Nc3 Bg7 5. e4 d6 6. Nge2 e5 7. O-O Nge7 8. a3
a5 9. Rb1 O-O 10. d3 Bg4 11. f3 Be6 12. f4 Qd7 13. Nd5 Bxd5 14. exd5 Nd4 15.
Nxd4 exd4 16. b4 axb4 17. axb4 b6 18. f5 Nxf5 19. Bh3 Qa4 20. Qxa4 Rxa4 21.
Bxf5 gxf5 22. bxc5 bxc5 23. Rxf5 Rb4 24. Ra1 Rfb8 25. Bg5 Rb1+ 26. Rf1 Rxf1+
27. Kxf1 Be5 28. Bh6 f5 29. Ra2 Rb7 30. Ke2 Kf7 31. Kd1 Rb1+ 32. Bc1 Rb7 33.
Kc2 Kg6 34. Ra8 Kh5 35. Rg8 Rg7 36. Rxg7 Bxg7 37. Bf4 Bf8 38. h3 Kg6 39. Kd1
Be7 40. Ke2 Bf8 41. Kf3 h5 42. Bd2 Be7 43. Bf4 Bf8 44. g4 fxg4+ 45. hxg4 hxg4+
46. Kxg4 Be7 47. Bg3 Bf8 48. Bf4 Be7 49. Bg3 Bf8 50. Bh4 Bg7 51. Bg3 Bf8
1/2-1/2

[Event "4NCL Division 1a"]
[Site "Birmingham, ENG ENG"]
[Date "2015.11.15"]
[Round "2.148"]
[White "York-Andersen, Anna"]
[Black "Hegarty, Sarah N"]
[Result "0-1"]
[WhiteElo "1808"]
[BlackElo "2095"]
[PlyCount "122"]
[EventDate "2015.11.15"]
[WhiteTeam "White Rose 2"]
[BlackTeam "Wood Green HK"]

1. e4 c5 2. Nf3 d6 3. Bb5+ Bd7 4. Bxd7+ Qxd7 5. c4 Qg4 6. O-O Qxe4 7. d4 cxd4
8. Nxd4 e5 9. Re1 Qh4 10. Nb5 Qd8 11. N5c3 Nf6 12. Bg5 Be7 13. Bxf6 Bxf6 14.
Nd5 O-O 15. Nbc3 Nc6 16. Nxf6+ Qxf6 17. Nd5 Qh4 18. Rc1 Nd4 19. Re3 f5 20. Rh3
Qg5 21. f4 Qg4 22. Kh1 Qxd1+ 23. Rxd1 Rae8 24. Rhd3 Ne6 25. g3 Nc5 26. R3d2 Ne4
27. Rc2 Rf7 28. Nc3 exf4 29. gxf4 Rf6 30. Nd5 Rh6 31. Rg2 Kf7 32. Rdg1 g6 33.
Rd1 Rh3 34. b3 Rc8 35. Kg1 a5 36. Nb6 Rc6 37. Nd5 a4 38. Rb1 axb3 39. axb3 Nc3
40. Nxc3 Rxc3 41. Rg3 Rxg3+ 42. hxg3 Ke6 43. Rd1 Rc5 44. Kf2 b5 45. Rd4 bxc4
46. bxc4 Kd7 47. Ke3 Kc6 48. Ke2 Ra5 49. Rd3 Ra4 50. Rd4 Ra7 51. Ke3 Re7+ 52.
Kd3 Re1 53. Kc3 Re3+ 54. Kd2 Rxg3 55. Ke2 h5 56. Kf2 Rg4 57. Kf3 g5 58. Ke3
Rxf4 59. Rxf4 gxf4+ 60. Kxf4 Kc5 61. Kxf5 Kxc4 0-1